00744 2200253 4500001002100000005001500021035002000036007000300056008004100059020002200100082001000122084001600132100001900148245011200167260003700279300003600316650003100352700002400383700001400407700001800421520002900439990001100468990001100479INLIS00000000000466520191217095951 a0010-1219000117ta191217 g 0 ind  a978-979-29-5446-3 a320.5 a320.5 NGA p0 aNGADINO, Surip1 aPancasila Dalam Makna dan Aktualisasi /cNgadino Surip, Syahrial Syarbaini, A. Rahman; editor, Aditya Ari C aYogyakarta :bAndi Offset,c2015 axii, 351 hlm. :bilus. ;c23 cm 4aIDEOLOGI NEGARA. PANCASILA0 aSYAHRIAL, Syarbaini0 aRAHMAN, A0 aADITYA, Ari C aBiliografi: hlm. 349-351 a7300 a a7300 b